<?xml version="1.0" encoding="UTF-8"?>
<collection xmlns="http://www.loc.gov/MARC21/slim">
 <record>
  <leader>01361nam a2200337   4500</leader>
  <controlfield tag="001">DLU190189566</controlfield>
  <controlfield tag="005">##20190225</controlfield>
  <datafield tag="020" ind1="#" ind2="#">
   <subfield code="a">9786049225048</subfield>
  </datafield>
  <datafield tag="040" ind1="#" ind2="#">
   <subfield code="a">DLU</subfield>
   <subfield code="b">vie</subfield>
  </datafield>
  <datafield tag="041" ind1="#" ind2="#">
   <subfield code="a">vie</subfield>
  </datafield>
  <datafield tag="044" ind1="#" ind2="#">
   <subfield code="a">vn</subfield>
  </datafield>
  <datafield tag="082" ind1="#" ind2="#">
   <subfield code="a">657</subfield>
   <subfield code="b">Ket</subfield>
  </datafield>
  <datafield tag="245" ind1="#" ind2="#">
   <subfield code="a">Kế toán quản trị :</subfield>
   <subfield code="b">Lý thuyết - Bài tập - Bài giải /</subfield>
   <subfield code="c">Nguyễn Thị Loan, Trần Quốc Thịnh đồng chủ biên.</subfield>
  </datafield>
  <datafield tag="260" ind1="#" ind2="#">
   <subfield code="a">Tp. Hồ Chí Minh :</subfield>
   <subfield code="b">Kinh tế,</subfield>
   <subfield code="c">2017.</subfield>
  </datafield>
  <datafield tag="300" ind1="#" ind2="#">
   <subfield code="a">341 tr. :</subfield>
   <subfield code="b">bảng;</subfield>
   <subfield code="c">24 cm.</subfield>
  </datafield>
  <datafield tag="504" ind1="#" ind2="#">
   <subfield code="a">Tài liệu tham khảo: tr. 340-341.</subfield>
  </datafield>
  <datafield tag="505" ind1="#" ind2="#">
   <subfield code="a">Chương 1. Tổng quan về kế toán quản trị -- Chương 2. Chi phí và phân loại chi phí -- Chương 3. Phân tích mối quan hệ giữa chi phí - khối lượng - lợi nhuận -- Chương 4. Dự toán ngân sách -- Chương 5. Các quyết định về giá bán sản phẩm -- Chương 6. Ứng dụng thông tin thích hợp trong việc ra quyết định ngắn hạn trong kinh doanh.</subfield>
  </datafield>
  <datafield tag="650" ind1="#" ind2="#">
   <subfield code="a">Kế toán quản trị.</subfield>
  </datafield>
  <datafield tag="700" ind1="#" ind2="#">
   <subfield code="a">Nguyễn Thị Loan,</subfield>
   <subfield code="c">PGS.TS.</subfield>
   <subfield code="e">chủ biên.</subfield>
  </datafield>
  <datafield tag="700" ind1="#" ind2="#">
   <subfield code="a">Trần Quốc Thịnh,</subfield>
   <subfield code="c">TS.</subfield>
   <subfield code="e">chủ biên.</subfield>
  </datafield>
  <datafield tag="923" ind1="#" ind2="#">
   <subfield code="a">05/2018</subfield>
  </datafield>
  <datafield tag="991" ind1="#" ind2="#">
   <subfield code="a">SH</subfield>
  </datafield>
  <datafield tag="992" ind1="#" ind2="#">
   <subfield code="a">99000</subfield>
  </datafield>
  <datafield tag="994" ind1="#" ind2="#">
   <subfield code="a">DLU</subfield>
  </datafield>
  <datafield tag="900" ind1="#" ind2="#">
   <subfield code="a">True</subfield>
  </datafield>
  <datafield tag="911" ind1="#" ind2="#">
   <subfield code="a">Nguyễn Thanh Hương</subfield>
  </datafield>
  <datafield tag="925" ind1="#" ind2="#">
   <subfield code="a">G</subfield>
  </datafield>
  <datafield tag="926" ind1="#" ind2="#">
   <subfield code="a">A</subfield>
  </datafield>
  <datafield tag="927" ind1="#" ind2="#">
   <subfield code="a">SH</subfield>
  </datafield>
  <datafield tag="980" ind1="#" ind2="#">
   <subfield code="a">Thư viện Trường Đại học Đà Lạt</subfield>
  </datafield>
 </record>
</collection>
